000 00546nam a2200217Ia 4500
008 180628s9999 xx 000 0 und d
020 _a978-971-23-6443-3
050 _aFIL G 155.A1
050 _b.C78 2014
100 _aCruz, Zenaida Lansangan -
245 0 _aPrinciples of tourism part II /
245 0 _cZenaida Lansangan-Cruz.
260 _aManila :
260 _bRex Bookstore,
260 _c2014
300 _a279 pages :
300 _billustrations ;
300 _c22 cm.
500 _aIncludes index.
650 _aTourism.
999 _c358116
_d358116